000 00423nam a22001217a 4500
082 _a220 PRO
100 _aMUHAMMAD MOEEZ UR REHMAN MUHAMMAD KAMRAN SADIQ MUHAMMAD AADIL
_970612
245 _aPR-SOF-1824-DESIGN AND FABRICATION OF SOLAR PANEL CLEANING MACHINE
260 _aISLAMABAD
_bNUST COLLEGE OF EME
_c2019
650 _a DE-MECH-37
_970562
700 _aSUPERVISOR ASST. PROF SAHEEB AHMED KIYANI
_970613
942 _cCR
999 _c577567
_d577567